Library Banner

Rural India (Record no. 67566)

MARC details
000 -LEADER
fixed length control field 00412nam a22001457a 4500
005 - DATE AND TIME OF LATEST TRANSACTION
control field 20150306102402.0
008 - FIXED-LENGTH DATA ELEMENTS--GENERAL INFORMATION
fixed length control field 150306b xxu||||| |||| 00| 0 eng d
020 ## - INTERNATIONAL STANDARD BOOK NUMBER
International Standard Book Number 0195631862
040 ## - CATALOGING SOURCE
Transcribing agency PK-LaUMT
082 ## - DEWEY DECIMAL CLASSIFICATION NUMBER
Classification number KHC 307.720954
Item number RUR-
245 ## - TITLE STATEMENT
Title Rural India
Remainder of title land , power and society under British Rule
Statement of responsibility, etc Peter Robb(Edit)
260 ## - PUBLICATION, DISTRIBUTION, ETC. (IMPRINT)
Place of publication, distribution, etc Delhi
Name of publisher, distributor, etc Oxford University Press
Date of publication, distribution, etc 1992
300 ## - PHYSICAL DESCRIPTION
Extent 313 p.
942 ## - ADDED ENTRY ELEMENTS (KOHA)
Koha item type Books
Holdings
Withdrawn status Lost status Damaged status Home library Current library Date acquired Full call number Barcode Date last seen Price effective from Koha item type
      UMT Main Campus UMT Main Campus 2015-03-06 KHC 307.720954 RUR- 73861 2015-03-06 2015-03-06 Books